Jours de la semaine en ordre alphabétique - Statistiques

Statistiques générales
  • Ce quiz a été pris 468 fois
  • Le résultat moyen est 5 sur 7
Statistiques - réponses
journée % Correct
dimanche
98%
jeudi
79%
lundi
68%
mardi
63%
mercredi
59%
samedi
46%
vendredi
41%
Aucun quiz correspondant
Distribution des résultats
% des personnes avec chaque résultat
Percentile par nombre de réponses
Votre historique - résultats
Vous n’avez pas pris ce quiz